[Event "Munich op9192"]
[Site "Munich"]
[Date "1992.??.??"]
[Round "5"]
[White "Bischoff, Klaus"]
[Black "Kuijf, Marinus"]
[Result "1/2-1/2"]
[WhiteElo "2510"]
[BlackElo "2460"]

1.c4 c6 2.Nf3 d5 3.e3 e6 4.b3 Nd7 5.Bb2 Ngf6 6.d4 Ne4 7.Nbd2 f5 8.Be2 Bd6
9.O-O Qf6 10.Ne1 Qh6 11.Ndf3 O-O 12.Nd3 Ndf6 13.Nfe5 Bd7 14.Qc1 Be8 15.Ba3 Rd8
16.Bxd6 Nxd6 17.Qa3 a6 18.Qb4 Nfe4 19.c5 Nb5 20.Rac1 Ra8 21.a4 Nec3 22.Qxc3 Nxc3
23.Rxc3 Bh5 24.Bxh5 Qxh5 25.Nf4 Qh6 26.b4 g5 27.Nfd3 Qh5 28.Nd7 Qe2 29.Nxf8 Kxf8
30.Ra1 Ke7 31.h3 h5 32.Rb3 Qd2 33.Ne5 g4 34.hxg4 fxg4 35.g3 Kf6 36.Rab1 Kg5
37.R3b2 Qc3 38.b5 cxb5 39.axb5 a5 40.b6 a4 41.c6 a3 42.Ra2 h4 43.gxh4+ Kxh4
44.Kg2 Kg5 45.c7 Rg8 46.Kg3 Kf5 47.Rba1 Qb4 48.Rxa3 Qxb6 49.Rc3 Rc8 50.Rac1 Qd6
51.R1c2 Kg5 52.Rc1 Kf5 53.Kg2 Qe7 54.Kf1 Qh7 55.Ke2 Qh2 56.Kd3 Qh7 57.Ke2 Qh5
58.Kd3 Qh7  1/2-1/2

[Event "Munich op9192"]
[Site "Munich"]
[Date "1992.??.??"]
[Round "8"]
[White "Greenfeld, Alon"]
[Black "Kuijf, Marinus"]
[Result "1-0"]
[WhiteElo "2515"]
[BlackElo "2460"]

1.c4 c6 2.e4 d5 3.exd5 cxd5 4.cxd5 Nf6 5.Nc3 Nxd5 6.Nf3 Nc6 7.d4 Bg4 8.Qb3 Bxf3
9.gxf3 Nb6 10.d5 Nd4 11.Qd1 e5 12.dxe6 fxe6 13.Bg2 Qh4 14.f4 Rd8 15.O-O Rd7
16.Be3 Nf5 17.Qb3 Qg4 18.Kh1 Bd6 19.Rg1 Nxe3 20.fxe3 Qf5 21.Be4 Qf6 22.Rg5 O-O
23.Rag1 Qh6 24.Bf3 Re8 25.Ne4  1-0

[Event "Munich"]
[Site "Munich"]
[Date "1992.??.??"]
[Round "11"]
[White "Lutz, Christopher"]
[Black "Hertneck, Gerald"]
[Result "0-1"]
[WhiteElo "2540"]
[BlackElo "2530"]

1.c4 c6 2.e4 e6 3.Nc3 d5 4.exd5 exd5 5.cxd5 cxd5 6.Bb5+ Nc6 7.Nf3 a6 8.Bxc6+ bxc6
9.Ne5 Qc7 10.O-O Bd6 11.d4 Ne7 12.Re1 O-O 13.Bf4 Rb8 14.Qd2 Bf5 15.Bg3 c5
16.dxc5 Qxc5 17.Rac1 Rfd8 18.Red1 Qa7 19.Na4 h6 20.Nf3 Bxg3 21.hxg3 Bg4 22.Qf4 Bxf3
23.gxf3 Rb7 24.b3 d4 25.Nc5 Rc7 26.b4 a5 27.a3 Ng6 28.Qf5 axb4 29.axb4 Qb6
30.Rc4 Ne7 31.Qe4 Nc6 32.Nd3 Na7 33.Rxc7 Qxc7 34.Rc1 Qb6 35.Qe7 Nb5 36.Ne5 Qf6
37.Qxf6 gxf6 38.Nd3 Nc3 39.Re1 Ra8 40.Kg2 Kf8 41.Nc5 Ra2 42.Rc1 Rb2 43.Nd3 Rb3
44.Ra1 Nd5 45.Ra8+ Ke7 46.Ra7+ Kd6 47.Nc5 Rxb4 48.Ne4+ Ke5 49.Ra5 f5 50.Nf6 Kxf6
51.Rxd5 Ke6 52.Rd8 Ke5 53.Rd7 f6 54.Rd8 h5 55.Rd7 Rb1 56.Rd8 Rd1 57.Re8+ Kd5
58.Rd8+ Kc4 59.Rc8+ Kb3 60.Rb8+ Kc2 61.Rc8+ Kd2 62.Rc6 Re1 63.Rxf6 d3 64.Rf8 Ke2
65.Rxf5 d2 66.Re5+ Kd3 67.Rd5+ Kc3 68.g4 d1=Q 69.Rxd1 Rxd1  0-1

[Event "Nettetal"]
[Site "Nettetal"]
[Date "1992.??.??"]
[Round "2"]
[White "Schlosser, Philipp"]
[Black "Kuijf, Marinus"]
[Result "1-0"]
[WhiteElo "2485"]
[BlackElo "2440"]

1.c4 c6 2.d4 d5 3.Nf3 dxc4 4.e3 b5 5.a4 e6 6.axb5 cxb5 7.b3 Bb4+ 8.Bd2 Bxd2+
9.Nbxd2 Nf6 10.bxc4 bxc4 11.Qa4+ Bd7 12.Qa3 Qe7 13.Bxc4 Nc6 14.Ke2 Qxa3 15.Rxa3 Ke7
16.Rha1 Rhc8 17.Ne5 Nxe5 18.dxe5 Ne4 19.Rxa7 Rxa7 20.Rxa7 Nc3+ 21.Kd3 Nd5
22.Bxd5 exd5 23.Nb3 Ke8 24.Nd4 Rc1 25.Ke2 Rc5 26.Kf3 g6 27.Kf4 h6 28.h4 Ke7
29.g4 Ke8 30.Ra8+ Bc8 31.e6 fxe6 32.Nxe6 Rc4+ 33.Nd4 Ke7 34.Ra7+ Kf8 35.f3 Rc1
36.Ke5 Rc3 37.Kf6 Rxe3 38.Kxg6 Rd3 39.Nc6  1-0

[Event "Nettetal"]
[Site "Nettetal"]
[Date "1992.??.??"]
[Round "10"]
[White "Stangl, Markus"]
[Black "Van der Sterren, Paul"]
[Result "1-0"]
[WhiteElo "2465"]
[BlackElo "2535"]

1.c4 c6 2.Nf3 d5 3.d4 Nf6 4.Nc3 dxc4 5.a4 Bf5 6.e3 e6 7.Bxc4 Bb4 8.O-O Nbd7
9.Qe2 O-O 10.e4 Bg6 11.Bd3 Bh5 12.Bf4 Re8 13.e5 Nd5 14.Nxd5 cxd5 15.h3 a6
16.Rfc1 Be7 17.Bd2 Nb8 18.g4 Bg6 19.Bxg6 fxg6 20.b4 Nc6 21.b5 Na5 22.Bxa5 Qxa5
23.bxa6 Qxa6 24.Qxa6 Rxa6 25.Rc7 Ra7 26.Rb1 Rxa4 27.Rbxb7 Kf8 28.Rc6 Bd8
29.Rb8 h6 30.Kg2 Ra7 31.Nd2 Ba5 32.Rxe8+ Kxe8 33.Nb3 Kf7 34.Nc5 Re7 35.f4 Bb4
36.Na6 Rb7 37.Nc7 Ba5 38.Nxe6 Rb2+ 39.Kf3 Rb3+ 40.Ke2 Rxh3 41.Ra6 Rh2+ 42.Kf1 Rh1+
43.Ke2 Rh2+ 44.Kd1 Bc3 45.f5 gxf5 46.gxf5 Rd2+ 47.Kc1 Rg2 48.Ra7+ Kg8 49.f6 gxf6
50.exf6 Rf2 51.Rg7+ Kh8 52.f7 Bb4 53.Rg8+ Kh7 54.f8=Q Bxf8 55.Rxf8 Rxf8 56.Nxf8+ Kg7
57.Nd7 Kg6 58.Kd2 Kf5 59.Ke3 h5 60.Kf3 h4 61.Nc5 h3 62.Kg3 h2 63.Kxh2 Kf4
64.Kg2 Ke3 65.Ne6  1-0

[Event "New York op"]
[Site "New York"]
[Date "1992.??.??"]
[Round "4"]
[White "Weyrich, Morten"]
[Black "Wessman, Richard"]
[Result "0-1"]
[WhiteElo "2370"]
[BlackElo "2440"]

1.c4 c6 2.g3 d5 3.Bg2 Nf6 4.Nf3 Bg4 5.cxd5 Bxf3 6.Bxf3 cxd5 7.Qb3 Qd7 8.Nc3 e6
9.d3 Nc6 10.Qa4 Be7 11.O-O O-O 12.Bf4 a6 13.Rac1 Rfd8 14.Bg2 b5 15.Qd1 Rac8
16.e4 dxe4 17.dxe4 Qe8 18.Qe1 Nb4 19.Qe2 Nd3 20.Rcd1 Nxf4 21.gxf4 b4 22.Rxd8 Rxd8
23.Nd1 Qb5 24.Qc2 Nh5 25.Qc7 Qc5 26.Qxc5 Bxc5 27.f5 Rd2 28.fxe6 fxe6 29.Ne3 Nf4
30.Nd1 Bd4  0-1

[Event "New York op"]
[Site "New York"]
[Date "1992.??.??"]
[Round "5"]
[White "Dzindzichashvili, Roman"]
[Black "Wessman, Richard"]
[Result "1-0"]
[WhiteElo "2560"]
[BlackElo "2440"]

1.c4 c6 2.e4 d5 3.exd5 cxd5 4.cxd5 Nf6 5.Bb5+ Nbd7 6.Nc3 g6 7.d4 Bg7 8.d6 exd6
9.Qe2+ Qe7 10.Bf4 Qxe2+ 11.Bxe2 Ke7 12.Bf3 Nb6 13.Nge2 a6 14.a4 Nc4 15.O-O Be6
16.b3 Nb6 17.Bxb7 Ra7 18.Bf3 Nbd5 19.Bg5 Kd7 20.Bxf6 Nxf6 21.b4 Rb8 22.b5 d5
23.Rfb1 Bf5 24.b6 Rab7 25.a5 Bxb1 26.Rxb1 Kd6 27.Na4 Re7 28.Nc5 Nd7 29.Nxa6 Ra8
30.Nc5 Bxd4 31.Nxd7 Rxa5 32.Nxd4 Rxd7 33.Nb5+ Kc6 34.Nc7 Kb7 35.Nxd5 Rdxd5
36.Rd1  1-0

[Event "New York op"]
[Site "New York"]
[Date "1992.??.??"]
[Round "8"]
[White "Zlotnikov, Mikhail"]
[Black "Wessman, Richard"]
[Result "1-0"]
[WhiteElo "2355"]
[BlackElo "2440"]

1.c4 c6 2.Nf3 Nf6 3.Nc3 d5 4.e3 Bg4 5.Qb3 Qb6 6.Ne5 Be6 7.d4 g6 8.f4 Bg7
9.Be2 dxc4 10.Bxc4 Bxc4 11.Qxc4 O-O 12.O-O Nbd7 13.b3 e6 14.Kh1 Rfc8 15.Bd2 c5
16.Nxd7 Nxd7 17.d5 exd5 18.Nxd5 Qe6 19.Rac1 b5 20.Qd3 c4 21.f5 Qe5 22.bxc4 bxc4
23.Rxc4 Rxc4 24.Qxc4 gxf5 25.Qc6 Rd8 26.Bc3 Nb8 27.Nf6+ Kh8 28.Qc4 Qxe3 29.Qh4 h6
30.Nh5 Qg5 31.Bxg7+ Kh7 32.Bf6 Qxh4 33.Bxh4 Rd2 34.h3 Rxa2 35.Rxf5 Kg6 36.Rd5 a5  1-0

[Event "Nordic zt"]
[Site "?"]
[Date "1992.??.??"]
[Round "5"]
[White "Agdestein, Simen"]
[Black "Hansen, Lars Bo"]
[Result "1-0"]
[WhiteElo "2600"]
[BlackElo "2510"]

1.c4 c6 2.d4 d5 3.Nf3 Nf6 4.Qc2 dxc4 5.Qxc4 Bf5 6.g3 e6 7.Bg2 Nbd7 8.O-O Be7
9.Nbd2 O-O 10.Qb3 Qb6 11.Nc4 Qa6 12.Bf4 Be4 13.Bd6 Bxd6 14.Nxd6 Bxf3 15.Bxf3 c5
16.Nc4 Nd5 17.Rfd1 Rad8 18.a4 cxd4 19.Rxd4 Nb8 20.Rad1 Nc6 21.R4d2 Rfe8 22.Qb5 Rb8
23.e3 Qxb5 24.axb5 Nce7 25.Ra1 Rec8 26.Be2 Nb6 27.b3 Nbd5 28.Rxa7 Nc3 29.Bf3 Ned5
30.b6 Nb5 31.Bxd5 exd5 32.Rxd5 Nc3 33.Rd7  1-0

[Event "Oberwart op"]
[Site "Oberwart"]
[Date "1992.??.??"]
[Round "4"]
[White "Titz, Heimo"]
[Black "Tomcsanyi, Peter"]
[Result "0-1"]
[WhiteElo "2345"]
[BlackElo "2235"]

1.c4 c6 2.Nf3 d5 3.d4 Nf6 4.Nc3 dxc4 5.a4 Bf5 6.e3 e6 7.Bxc4 Bb4 8.O-O O-O
9.Nh4 Bg4 10.f3 Bh5 11.g4 Bg6 12.Qb3 Qe7 13.Na2 Bd6 14.Nxg6 hxg6 15.Bd2 c5
16.dxc5 Bxc5 17.Bb4 Nc6 18.Bxc5 Qxc5 19.Rac1 Qg5 20.Be2 Rad8 21.Rc2 Rd7 22.Bb5 Rfd8
23.Rg2 Rd2 24.Rff2 Rxf2 25.Rxf2 Ne7 26.Be2 Ned5 27.f4 Qh4 28.Qd1 Rd7 29.Qc1 Rc7
30.Qd1 Ne4 31.Rf3 Qxg4+ 32.Rg3 Qh4 33.Rf3 Rc8 34.Qd3 f5 35.Rf1 Kf7 36.Bf3 Rh8
37.Qe2 Nxe3 38.Rc1 Qxf4 39.Bxe4 Qxe4 40.Rc7+ Kf6 41.Nc3 Qf4  0-1

[Event "Olot op"]
[Site "Olot"]
[Date "1992.??.??"]
[Round "3"]
[White "Foisor, Ovidiu"]
[Black "Foisor, Cristina Adela B"]
[Result "1/2-1/2"]
[WhiteElo "2425"]
[BlackElo "2375"]

1.c4 c6 2.d4 d5 3.cxd5 cxd5 4.Nc3 Nc6 5.Bf4 Bf5 6.e3 e6 7.Nf3 Nf6 8.Bd3 Bxd3
9.Qxd3 Bd6 10.Bxd6 Qxd6 11.O-O O-O 12.Rfc1 Rfc8 13.h3  1/2-1/2

[Event "Olot op"]
[Site "Olot"]
[Date "1992.??.??"]
[Round "7"]
[White "Foisor, Ovidiu"]
[Black "Schwartzman, Gabriel"]
[Result "1-0"]
[WhiteElo "2425"]
[BlackElo "2340"]

1.c4 c6 2.Nc3 d5 3.e3 Nf6 4.Nf3 g6 5.d4 Bg7 6.Be2 O-O 7.O-O Bg4 8.cxd5 cxd5
9.Qb3 b6 10.h3 Bc8 11.Ne5 Bb7 12.Bd2 Nbd7 13.f4 Rc8 14.Rac1 Ne8 15.Nb5 Rxc1
16.Rxc1 a6 17.Nxd7 Qxd7 18.Nc3 Qe6 19.Na4 Bxd4 20.Bg4 f5 21.Bf3 Bg7 22.Nxb6 Nf6
23.Na4 Ba8 24.Qb6 Qxb6 25.Nxb6 Ne4 26.Bxe4 dxe4 27.Bc3 Rb8 28.Bxg7 Rxb6 29.Be5 Bd5
30.Rc7 Kf7 31.b3 Rc6 32.Ra7 Be6 33.Bd4 Bd5 34.Kh2 h6 35.Kg3 g5 36.h4 g4 37.h5 Ke6
38.Bb2 Kf7 39.Be5 Rb6 40.Bd4 Rc6 41.Ra8 Re6 42.Rh8 Rc6 43.Kh2 Re6 44.Rb8 Bc6
45.a4 Be8 46.Ra8 Rd6 47.Kg3 Bd7 48.Ra7 Be8 49.Bc5 Re6 50.Kh4 Kf8 51.Bb4 Bf7
52.Ba3 Be8 53.Bc5 Bf7 54.Rd7 Ke8 55.Rb7 Kf8 56.b4 Rc6 57.Bxe7+ Ke8 58.Bc5 Bb3
59.a5 Re6 60.Rb8+  1-0

[Event "Paris-ch"]
[Site "Paris"]
[Date "1992.??.??"]
[Round "8"]
[White "Moulain, Jean Pierre"]
[Black "Pergericht, Daniel"]
[Result "1-0"]
[WhiteElo "2205"]
[BlackElo "2295"]

1.c4 c6 2.d4 d5 3.Nc3 Nf6 4.Nf3 dxc4 5.e4 b5 6.e5 Nd5 7.Ng5 f6 8.exf6 exf6
9.Qh5+ g6 10.Qe2+ Qe7 11.Nge4 Kf7 12.g3 b4 13.Na4 Ba6 14.Nac5 Bb5 15.Bh3 c3
16.Be6+ Qxe6 17.Ng5+ fxg5 18.Qxe6+ Kg7 19.Ne4 cxb2 20.Bxb2 Be7 21.h4 gxh4
22.gxh4 Na6 23.Qe5+ Bf6 24.Nxf6  1-0

[Event "Fishbecks"]
[Site "Pasadena"]
[Date "1992.??.??"]
[Round "?"]
[White "Beelby, Matthew A"]
[Black "Wolski, Thomas"]
[Result "1-0"]
[WhiteElo "2340"]
[BlackElo "2320"]

1.c4 c6 2.e4 e5 3.Nf3 d6 4.d4 Nd7 5.Nc3 Ngf6 6.Be2 Be7 7.O-O O-O 8.Re1 a6
9.c5 exd4 10.cxd6 Bxd6 11.Nxd4 Nc5 12.Bf3 Qc7 13.g3 Rd8 14.Qc2 Be5 15.Nb3 Nxb3
16.Qxb3 Bg4 17.Bg2 Rd3 18.Be3 Qa5 19.Bb6 Rxc3 20.Bxa5 Rxb3 21.axb3 Bxb2 22.Ra2 Bd4
23.e5 Re8 24.exf6  1-0

[Event "World op"]
[Site "Philadelphia"]
[Date "1992.??.??"]
[Round "3"]
[White "Zlotnikov, Mikhail"]
[Black "Frias, Victor J"]
[Result "1/2-1/2"]
[WhiteElo "2355"]
[BlackElo "2460"]

1.c4 c6 2.Nf3 d5 3.e3 Nf6 4.Nc3 g6 5.d4 Bg7 6.cxd5 Nxd5 7.Be2 O-O 8.O-O b6
9.e4 Nxc3 10.bxc3 c5 11.Be3 Bb7 12.Qc2 Qc8 13.dxc5 bxc5 14.Rab1 Nd7 15.Rfd1 Bc6
16.Nd2 Rb8 17.Nb3 Ba4 18.c4 Rd8 19.Rd5 e6 20.Rd2 Bd4 21.Bxd4 cxd4 22.Rxd4 Nc5
23.Qc3 Rxd4 24.Qxd4 Qc6 25.e5 Bxb3 26.axb3 Rxb3 27.Rxb3 Nxb3 28.Qxa7 Qe4
29.Qb8+ Kg7 30.Qxb3 Qxe2 31.g3 Qxe5 32.Kf1 Kf6 33.Qb4 Qd4 34.Qb5  1/2-1/2

[Event "World op"]
[Site "Philadelphia"]
[Date "1992.??.??"]
[Round "9"]
[White "Baquero, Luis A"]
[Black "Morris, Matthew"]
[Result "1/2-1/2"]
[WhiteElo "2370"]
[BlackElo "2325"]

1.c4 c6 2.Nf3 d5 3.d4 Nf6 4.Nc3 dxc4 5.a4 Bf5 6.e3 e6 7.Bxc4 Bb4 8.O-O Nbd7
9.Nh4 O-O 10.Nxf5 exf5 11.Qf3 g6 12.Ne2 Bd6 13.b4 Nb6 14.Bb3 Nbd5 15.b5 Ng4
16.g3 Ngf6 17.Bb2 Ne4 18.Rfd1 h5 19.Nc1 h4 20.Nd3 hxg3 21.hxg3 Kg7 22.Nc5 Qe7
23.Rac1 Rh8 24.Nxe4 fxe4 25.Qg2 Rac8 26.bxc6 bxc6 27.Ba1 Rh5 28.Bxd5 Rxd5
29.Rc4 Ba3 30.Rb1 f6 31.Rb3 Bd6 32.Rbc3 Qe8 33.Rc1 Bf8 34.Bc3 Rb8 35.Be1 Ba3
36.R1c3 Bb4 37.Rc1 Ba3 38.Ra1 Bf8 39.Qf1 Qe6 40.Rac1 Rc8 41.Bb4 Rh5 42.Bxf8+ Kxf8
43.Rc5 Rxc5 44.Rxc5 Qg4 45.Rc1 Kg7 46.Qa6 Qd7 47.Rb1 Rc7 48.Qc4 Rc8 49.Qa6 Rc7
50.Qc4 Rc8 51.Qc2 Qg4 52.Qc5 g5 53.Qxa7+ Kg6 54.Qa6 Rh8 55.Qf1 Ra8 56.Ra1 Ra5
57.Qc4 Ra8 58.a5 Qf3 59.Qf1 Ra7 60.a6 Qf5 61.Qc4 Ra8 62.a7 Qf3 63.Qf1 Kg7
64.Qg2 Qg4 65.Qf1 Kg6 66.Qg2 Kg7 67.Qf1 Qf3 68.Qh3 Kg6 69.Ra2 Qd1+ 70.Kh2 Qf3
71.g4 Qd1 72.Qg2 Qb1 73.Ra5 Kg7 74.Kg3 Qb6 75.Rf5  1/2-1/2

[Event "BCF-ch"]
[Site "Plymouth"]
[Date "1992.??.??"]
[Round "8"]
[White "Mestel, A Jonathan"]
[Black "Summerscale, Aaron"]
[Result "1-0"]
[WhiteElo "2510"]
[BlackElo "2305"]

1.c4 c6 2.Nf3 d5 3.d4 Nf6 4.Nc3 dxc4 5.a4 Bf5 6.e3 e6 7.Bxc4 Bb4 8.O-O O-O
9.Qe2 Ne4 10.Bd3 Nxc3 11.bxc3 Bxc3 12.Rb1 Qc8 13.Ba3 Re8 14.Bxf5 exf5 15.Ne5 Ba5
16.Qc4 Re6 17.e4 Rf6 18.Be7 Re6 19.Bh4 fxe4 20.Nxf7 Kxf7 21.d5 b6 22.dxe6+ Qxe6
23.Rbc1 a6 24.Rfd1 Ra7 25.Qxe6+ Kxe6 26.Bg3 Nd7 27.Rxc6+ Kf7 28.Bc7 Ke7 29.Rd4  1-0

[Event "Podolsk"]
[Site "Podolsk"]
[Date "1992.??.??"]
[Round "?"]
[White "Makarov, Marat"]
[Black "Bagirov, Vladimir"]
[Result "1/2-1/2"]
[WhiteElo "2510"]
[BlackElo "2500"]

1.c4 c6 2.Nf3 d5 3.d4 Nf6 4.Nc3 e6 5.Bg5 dxc4 6.a4 Bb4 7.e4 c5 8.Bxc4 cxd4
9.Bb5+ Nc6 10.Nxd4 Bd7 11.Nxc6 bxc6 12.Bd3 h6 13.Be3 e5 14.f3 Qa5 15.Qc1 Bc5
16.Bc4 Bxe3 17.Qxe3 Rb8 18.b3 O-O 19.O-O Rfe8 20.Rfd1 Be6 21.Bxe6 Rxe6 22.Ne2 Qb6
23.Qxb6 Rxb6 24.Rd3 Re8 25.Rad1 Kf8 26.Kf2 Ke7 27.Ke3 Reb8 28.Nc1 R8b7 29.Rc3 Nd7
30.Rd2 f6 31.Rdc2 Kd6 32.g3 Nf8 33.a5 Ra6 34.Nd3 Rxa5 35.b4 Ra1 36.Rxc6+ Kd7
37.f4 exf4+ 38.gxf4 Ra3 39.R6c4 Ke8 40.Rc8+ Ke7 41.R8c7+ Rxc7 42.Rxc7+ Nd7
43.Kd4 Kd8 44.Rc2 a5 45.b5 Rb3 46.Rb2 Rxb2 47.Nxb2 g5 48.fxg5 hxg5 49.Nc4 a4
50.Kc3 Nc5 51.e5 fxe5 52.Kb4 Nd7 53.Kxa4 e4 54.Kb4 Kc7 55.Kc3 Nf8 56.Ne3 Kb6
57.Kb4 Nd7 58.Nc4+ Kc7 59.Kc3 Nf6 60.Ne3 Kb6 61.Kc4 Nd7 62.Nd5+ Ka5 63.h3  1/2-1/2

[Event "POL-ch"]
[Site "?"]
[Date "1992.??.??"]
[Round "1"]
[White "Wojtkiewicz, Aleksander"]
[Black "Kuczynski, Robert"]
[Result "1/2-1/2"]
[WhiteElo "2495"]
[BlackElo "2500"]

1.c4 c6 2.e4 d5 3.exd5 cxd5 4.d4 Nf6 5.Nc3 e6 6.Nf3 Be7 7.cxd5 exd5 8.Bd3 Nc6
9.h3 O-O 10.O-O Be6 11.Re1 Nd7 12.Bf4 a6 13.Qd2 Re8 14.Rad1 Nf8 15.Ne5 Rc8
16.Bb1 f6 17.Ng4 Bb4 18.Ne3 Qd7 19.a3  1/2-1/2

[Event "POL-ch"]
[Site "?"]
[Date "1992.??.??"]
[Round "2"]
[White "Urban, Klaudiusz"]
[Black "Seifert, Henryk"]
[Result "1/2-1/2"]
[WhiteElo "2465"]
[BlackElo "2330"]

1.c4 c6 2.g3 d5 3.Bg2 Nf6 4.Nf3 Bf5 5.O-O e6 6.b3 Nbd7 7.Bb2 h6 8.d3 Be7
9.Nbd2 O-O 10.a3 a5 11.Bc3 Qb6 12.b4 axb4 13.axb4 Bxb4 14.Rb1 c5 15.Bxb4 cxb4
16.Qb3 Bg4 17.Qxb4 Qxb4 18.Rxb4 Bxf3 19.Bxf3 Ra2 20.Rd1 Ne5 21.Kg2 Rc8 22.Rxb7 dxc4
23.Nxc4 Nxc4 24.dxc4 Rc2 25.e4 R2xc4 26.e5 Ne4 27.Bxe4 Rxe4 28.Rdd7 Rf8 29.f4 Re2+
30.Kf3 Re1 31.g4 g5 32.Rb4 Ra8 33.Rd2 Kg7 34.Kf2 Raa1 35.fxg5 hxg5 36.Rb5 Re4
37.h3 Ra3 38.Kg2 Ree3 39.Rf2 Rxh3 40.Rb7 Rhg3+ 41.Kf1 Raf3 42.Rxf3 Rxf3+
43.Kg2 Re3 44.Rb5 Re4 45.Kf3 Rf4+ 46.Kg3 Rd4 47.Rb3 Re4 48.Rb5 Re3+ 49.Kf2 Rd3
50.Rb4 Rd5 51.Re4 f6 52.exf6+ Kxf6 53.Ra4 Rb5 54.Ra3 Rb4 55.Kf3 Rf4+ 56.Kg3 Rd4
57.Kf3 Ke5 58.Re3+ Kd5 59.Ra3 Rf4+ 60.Kg3 Rc4 61.Ra8 Ke4 62.Rf8 Rc3+ 63.Kf2 Rc5
64.Kg3 Rc3+ 65.Kf2 Rc5 66.Kg3 Rd5 67.Rf6 Rd3+ 68.Kf2 Rd6 69.Kg3 Rd3+  1/2-1/2

[Event "POL-ch"]
[Site "?"]
[Date "1992.??.??"]
[Round "10"]
[White "Czerwonski, Aleksander"]
[Black "Seifert, Henryk"]
[Result "1/2-1/2"]
[WhiteElo "2370"]
[BlackElo "2330"]

1.c4 c6 2.e4 e6 3.d4 d5 4.e5 Ne7 5.Nc3 b6 6.Nf3 Ba6 7.Bg5 h6 8.Bh4 Qd7 9.Bxe7 Bxe7
10.cxd5 cxd5 11.Bxa6 Nxa6 12.O-O Nb4 13.a3 Nc6 14.Qd3 O-O 15.Nd2 Rac8 16.b4 Ra8
17.Kh1 Rfc8 18.f4 f5 19.g4 g6 20.Rg1 Kh7 21.Rg3 Rg8 22.Rag1 Raf8 23.Ne2 a5
24.b5 Nd8 25.Nf1 Nf7 26.a4 Rc8 27.Qf3 Bh4 28.Rh3 Be1 29.Qd3 Qc7 30.Qd1 Bf2
31.Rg2 fxg4 32.Rc3 Qe7 33.Rxc8 Rxc8 34.Rxf2 h5 35.Ne3 Qa3 36.Qd2 Qxa4 37.Qd3 Nh6
38.Kg2 Nf5 39.Nxf5 gxf5 40.Ng3 Kg6 41.h3 h4 42.Ne2 g3 43.Rf1 Qa2 44.Kf3 Rc2
45.Ke3 Qb2 46.Rd1 a4 47.Rd2 Rxd2 48.Qxd2 Qxb5 49.Qc3 Qc4 50.Qa3 Kf7 51.Qd6 Qb3+
52.Kd2 Qb2+ 53.Kd1 Qb3+ 54.Kc1 Qc4+ 55.Kd2 Qa2+ 56.Kd3 Qc4+ 57.Kd2 Qa2+ 58.Kd1 Qb3+
59.Ke1 Qb1+ 60.Kd2 Qa2+  1/2-1/2

[Event "Bohemians-B"]
[Site "Prague"]
[Date "1992.??.??"]
[Round "2"]
[White "Spacek, Petr"]
[Black "Vavra, Pavel"]
[Result "0-1"]
[WhiteElo "2395"]
[BlackElo "2210"]

1.c4 c6 2.e4 d5 3.exd5 cxd5 4.cxd5 Nf6 5.Bb5+ Nbd7 6.Nc3 a6 7.Qa4 g6 8.d4 Bg7
9.Nge2 O-O 10.Bxd7 Bxd7 11.Qb3 b5 12.O-O Bf5 13.Rd1 Qd7 14.Bg5 Rac8 15.Ng3 Rc4
16.a4 Nxd5 17.axb5 Nxc3 18.bxc3 axb5 19.Nxf5 gxf5 20.Rab1 Rfc8 21.Rd3 e5
22.g3 h6 23.Bd2 e4 24.Re3 b4 25.cxb4 Bxd4 26.Ree1 Bxf2+ 27.Kxf2 Qxd2+ 28.Re2 Qd4+
29.Qe3 Qd6 30.b5 Rc3 31.Qa7 Qd3 32.Rbe1 Qxb5 33.Qd4 Rc2 34.g4 R8c3 35.Qd1 Qc5+
36.Kg2 f4 37.Kh1 e3 38.Rxc2 Rxc2 39.Qf3 Rc1 40.Rxc1 Qxc1+ 41.Kg2 Qd2+ 42.Kh3 e2
43.Qa8+ Kg7 44.Qa1+ f6 45.g5 Qe3+ 46.Kg4 h5+ 47.Kf5 Qe5+  0-1

[Event "Bohemians-B"]
[Site "Prague"]
[Date "1992.??.??"]
[Round "6"]
[White "Znamenacek, Kvetoslav"]
[Black "Vavra, Pavel"]
[Result "0-1"]
[WhiteElo "2335"]
[BlackElo "2210"]

1.c4 c6 2.Nf3 d5 3.b3 Nf6 4.g3 g6 5.Bg2 Bg7 6.Bb2 O-O 7.O-O Nbd7 8.Qc2 Re8
9.Nc3 a6 10.d4 b5 11.Ne5 Bb7 12.Rad1 Qc7 13.e4 dxc4 14.Nxd7 Nxd7 15.bxc4 bxc4
16.Rfe1 c5 17.Nd5 Bxd5 18.exd5 Rab8 19.Bc3 Nb6 20.h4 cxd4 21.Bxd4 Bxd4 22.Rxd4 Qd6
23.Red1 Rec8 24.h5 c3 25.hxg6 hxg6 26.Bh3 Nd7 27.Rc1 Rc7 28.Bxd7 Qxd7 29.Qd3 Qc8
30.d6 exd6 31.Rxd6 c2 32.Kg2 Qb7+ 33.Kh3 Qb2 34.Rd8+ Rxd8 35.Qxd8+ Kg7 36.Qd2 Rc8
37.Kg2 Qxa2 38.Qd4+ Kg8 39.Rh1 f6 40.Rc1 Qe6 41.Qd3 Qc6+ 42.f3 Kg7 43.g4 Rc7
44.g5 fxg5 45.Qd8 g4 46.Qd4+ Qf6 47.Qxg4 Qc3 48.Qg5 Rf7 49.Rf1 a5 50.Qc1 a4
51.Rf2 Rc7 52.f4 a3 53.f5 Qc6+ 54.Kg1 a2 55.fxg6 Kg8 56.Rd2 Qxg6+ 57.Rg2 Qxg2+  0-1

[Event "CSR-ch"]
[Site "Prague"]
[Date "1992.??.??"]
[Round "8"]
[White "Pcola, Pavel"]
[Black "Vavra, Pavel"]
[Result "1/2-1/2"]
[WhiteElo "2290"]
[BlackElo "2210"]

1.c4 c6 2.d4 d5 3.cxd5 cxd5 4.Nc3 Nf6 5.Nf3 Nc6 6.Bf4 e6 7.h3 Bd6 8.Bxd6 Qxd6
9.e3 O-O 10.Bd3 a6 11.a3  1/2-1/2

[Event "Protvino"]
[Site "Protvino"]
[Date "1992.??.??"]
[Round "?"]
[White "Donchenko, Anatoly G"]
[Black "Boguslawsky, Maxim"]
[Result "1-0"]
[WhiteElo "2385"]
[BlackElo "2420"]

1.c4 c6 2.Nf3 d5 3.d4 Nf6 4.e3 e6 5.Nbd2 Nbd7 6.Bd3 dxc4 7.Nxc4 b5 8.Nce5 Nxe5
9.Nxe5 Bb7 10.O-O Be7 11.Qf3 Qd5 12.Bd2 O-O 13.Rfc1 Qxf3 14.gxf3 Rac8 15.Rc2 Nd5
16.Rac1 Nb4 17.Bxb4 Bxb4 18.Nxc6 Rxc6 19.Rxc6 Bxc6 20.Rxc6 Rb8 21.a3 Bf8
22.b4 Rb6 23.Rxb6 axb6 24.Bxb5 g5 25.Kf1 Bd6 26.h3 Kf8 27.Ke2 Ke7 28.Kd3 h5
29.Bc6 Kd8 30.d5 exd5 31.Bxd5 f6 32.h4 gxh4 33.f4 h3 34.Ke2 Ke7 35.Kf3 f5
36.Kg3 h2 37.Kh4 Kf6 38.Kxh5 Be7 39.Kh4 Kg6+ 40.Kg3 Bf6 41.Kxh2 Bb2 42.a4 Ba3
43.b5 Bb4 44.Bc6 Bc3 45.Bd7 Kf6 46.Kg2 Bb4 47.Kf1 Bc3 48.Ke2 Bb4 49.Kd3 Kg6
50.Kd4 Be1 51.Kd5 Bc3  1-0

[Event "Protvino"]
[Site "Protvino"]
[Date "1992.??.??"]
[Round "?"]
[White "Makarjev, Ilja"]
[Black "Chernosvitov, Alexander"]
[Result "1/2-1/2"]
[WhiteElo "2335"]
[BlackElo "2405"]

1.c4 c6 2.d4 d5 3.cxd5 cxd5 4.Nf3 Nf6 5.Nc3 Nc6 6.Bf4 Bf5 7.e3 e6 8.Qb3 Bb4
9.Bb5 O-O 10.O-O Bxc3 11.Qxc3 Rc8 12.Rac1 Qb6 13.Qc5 Nxd4 14.Qxb6 Nxf3+ 15.gxf3 axb6
16.Bd6 Rxc1 17.Rxc1 Ra8 18.Rc7 h5 19.a3 Ne8 20.Bxe8 Rxe8 21.Rxb7 Rc8 22.Rxb6 Rc1+
23.Kg2 h4 24.h3 Bd3 25.Kh2 Rc2 26.Rb4 Bf1 27.Kg1 Be2 28.Kg2 f6 29.Rxh4 Rxb2
30.Ra4 Rb6 31.Bc5 Ra6 32.Rb4 e5 33.Rb2 Bc4 34.Rb8+ Kh7 35.Rb7 Kg8 36.h4 Ra4
37.Kg3 Be2 38.Rd7 Bc4 39.Bb4 Ra8 40.f4 e4 41.Rc7 Bb3 42.Kg4 Kh7 43.Kf5 Kh6
44.Rc3 Ba2 45.Kg4 Bc4 46.Kg3 Kg6  1/2-1/2

[Event "CRO-Cup"]
[Site "Pula"]
[Date "1992.??.??"]
[Round "7"]
[White "Kovacevic, Vlatko"]
[Black "Samovojska, Damir"]
[Result "1/2-1/2"]
[WhiteElo "2545"]
[BlackElo "2385"]

1.c4 c6 2.g3 d5 3.Qc2 Nf6 4.Bg2 g6 5.Nf3 Bg7 6.O-O O-O 7.d3 dxc4 8.Qxc4 Qd5
9.Qh4 Qh5 10.Qxh5 Nxh5 11.Nc3 Na6 12.Be3 Nf6 13.Rfc1 Ng4 14.Bg5 Re8 15.h3 h6
16.Bd2 Nf6 17.Rab1 Nc7 18.b4 Nfd5 19.a4 Bd7 20.Nxd5 Nxd5 21.e4 Nb6 22.a5 Nc8
23.d4 Nd6 24.Ne5 Be6 25.a6 Bxe5 26.dxe5 Nc4 27.Bxh6 b5 28.f4 Rad8 29.g4 Bc8
30.Bf1 Rd4 31.Bg5 Kg7 32.Bh4 Nd2 33.Bf2 Rxe4 34.Bd3 Rxf4 35.Rb2 Nf3+ 36.Kg2 Nxe5
37.Be2 Bxa6 38.Ra1 Bb7 39.Rxa7 Ba8 40.Bg3 Re4 41.Rba2 Nc4 42.Bxc4 Rxc4 43.Rxa8 Rxa8
44.Rxa8 Rxb4 45.g5 f6 46.Rc8 Rb2+ 47.Kf3 Rb3+ 48.Kg2 Rb2+ 49.Kf3  1/2-1/2

[Event "Rishon Le Ziyyon"]
[Site "Rishon Le Ziyyon"]
[Date "1992.??.??"]
[Round "12"]
[White "Beim, Valery"]
[Black "Soffer, Ram"]
[Result "1/2-1/2"]
[WhiteElo "2480"]
[BlackElo "2450"]

1.c4 c6 2.Nf3 d5 3.e3 Nf6 4.Nc3 e6 5.b3 Bd6 6.Be2 O-O 7.Bb2 a6 8.d4 Nbd7
9.O-O Qe7 10.Qc2 Re8 11.Rfe1 dxc4 12.bxc4 e5 13.c5 Bc7 14.Rab1 e4 15.Nd2 b6
16.cxb6 Nxb6 17.f3 exf3 18.Bxf3 Bg4 19.Nce4 Bxf3 20.Nxf6+ Qxf6 21.Nxf3 Qe6
22.Bc3 Nc4 23.Qd3 f5 24.Bd2 Nd6 25.Rec1 Ne4 26.Qb3 Rab8 27.Qxe6+ Rxe6 28.Rxb8+ Bxb8  1/2-1/2

[Event "ROM-ch (Women)"]
[Site "?"]
[Date "1992.??.??"]
[Round "4"]
[White "Adoamnei, Roxana"]
[Black "Sasu Ducsoara, Andrea"]
[Result "0-1"]
[WhiteElo "2055"]
[BlackElo "2070"]

1.c4 c6 2.e4 d5 3.cxd5 cxd5 4.exd5 Nf6 5.Nc3 g6 6.Bb5+ Nbd7 7.d4 Bg7 8.Bf4 O-O
9.d6 a6 10.Ba4 Nb6 11.dxe7 Qxe7+ 12.Nge2 Nxa4 13.Qxa4 b5 14.Qb3 b4 15.Nd1 Bb7
16.Ne3 Rad8 17.O-O Nd5 18.Rfe1 Nxf4 19.Nxf4 Bxd4 20.g3 g5 21.Ned5 Qc5 22.Ne7+ Kh8
23.Nd3 Qb6 24.Rad1 Rd7 25.Qc2 Qf6 26.Qe2 Bf3  0-1

[Event "ROM-chT"]
[Site "?"]
[Date "1992.??.??"]
[Round "?"]
[White "Foisor, Cristina Adela B"]
[Black "Skripchenko, Almira"]
[Result "0-1"]
[WhiteElo "2375"]
[BlackElo "2155"]

1.c4 c6 2.Nf3 d5 3.e3 Nf6 4.Nc3 e6 5.Qc2 Nbd7 6.d4 Bd6 7.Be2 O-O 8.O-O dxc4
9.Bxc4 b5 10.Bd3 Bb7 11.e4 e5 12.Ne2 h6 13.h3 a6 14.Be3 Re8 15.Rad1 exd4
16.Nexd4 c5 17.Nf5 Bf8 18.e5 Bxf3 19.gxf3 Rxe5 20.Be2 Rc8 21.Rd2 Qe8 22.Nd6 Bxd6
23.Rxd6 Nd5 24.Qd2 Nxe3 25.fxe3 Nb8 26.Kf2 Qe7 27.f4 Rxe3 28.Qxe3 Qxd6 29.Rd1 Qf6
30.Rd2 Nc6 31.Bg4 Rf8 32.Kg2 Nd4 33.b4 Qc6+ 34.Bf3 Qxf3+ 35.Qxf3 Nxf3 36.Kxf3 cxb4  0-1